[Event "Yangon zt playoff"]
[Site "Yangon"]
[Date "1998.12.16"]
[Round "6"]
[White "Lioe, Dede"]
[Black "Sharavdorj, Dashzeveg"]
[Result "0-1"]
[WhiteElo "2375"]
[BlackElo "2385"]
[Annotator "Smirin,I"]
[PlyCount "100"]
[EventDate "1998.12.??"]
[EventType "tourn"]
[EventRounds "6"]
[EventCountry "BUR"]
[EventCategory "10"]
[SourceTitle "CBM 069"]
[Source "ChessBase"]
[SourceDate "1999.04.01"]
[SourceVersion "1"]
[SourceVersionDate "1999.04.01"]
[SourceQuality "1"]

1. e4 c5 2. Nf3 Nc6 3. Bb5 e6 4. Bxc6 bxc6 5. O-O {In my opinion more flexible
continuation in this position is 5.d3} Ne7 6. d3 Ng6 7. Re1 (7. Nbd2 d6 (7...
Be7 8. Nb3 e5 9. c3 O-O 10. Re1 d6 11. d4 exd4 12. cxd4 c4 13. Nbd2 d5 $11 {
1/2-1/2 Huebner,R-Gulko,B/Biel izt 1993 (20)}) 8. Nc4 Be7 9. Bd2 O-O 10. Ba5
Qd7 11. e5 d5 12. Ne3 f6 13. Re1 Qb7 14. Rb1 Nxe5 15. Nxe5 fxe5 16. Ng4 Bd6 17.
Bc3 (17. Nxe5 $5 $14 {[%csl Rc5,Re6][%cal Ga5c3]}) 17... e4 $1 18. dxe4 d4 19.
b4 Qd7 20. bxc5 Bxc5 21. Ne5 Qc7 22. Nd3 Bb6 $13 {[%cal Gc6c5,Ge6e5] Hracek,
Z-Polgar,S/Rimavska Sobota 1991/1/2-1/2 (79)}) (7. Nc3 Be7 8. Ne2 d6 9. Re1 O-O
10. c3 Qb6 11. Ng3 f6 12. Qc2 Rb8 13. b3 a5 $11 {Romanishin,O-Markowski,T/
Rubinstein mem 1993/1/2-1/2 (63)}) 7... Be7 8. Nc3 e5 9. Ne2 O-O 10. c3 d5 11.
Ng3 Qc7 12. c4 dxc4 $5 $15 {Right desision.In arising pawn structure double
"c" pawns helps to black to control central d5 and d4 squares,so black gets an
advantage by transforming his knight on d4: Ng6-f8(f4)-e6-d4.} ({Another
possibility was to keep pressure in the center after} 12... Be6 13. Qc2 (13.
exd5 cxd5 14. cxd5 Bxd5 15. Nf5 f6 $15 {[%csl Gd5]}) 13... f5 $5 14. exf5 Bxf5
15. Nxf5 Rxf5 16. Be3 Raf8 $13 {[%cal Gf5f3,Yg6h4]}) 13. dxc4 Bg4 $6 (13... Rd8
14. Qa4 Bg4 $5 (14... Nf8 15. Bd2 $13 {[%cal Gd2a5]}) 15. Qa3 Nf8 $15 {[%cal
Gf8e6,Ge6d4]}) 14. h3 ({Deserved attention} 14. Nf5 Rfd8 15. Qe2 Nf8 16. h3
Bxf3 17. Qxf3 Ne6 $13) 14... Rfd8 15. Qe2 Nf4 16. Bxf4 exf4 17. Nf1 $6 ({
Better was} 17. Nf5 {changing one bishop.After text move black keeps an
advantage of bishops pair.} Bxf5 18. exf5 Bf6 19. Rad1 h6 20. b3 $14) 17... Bh5
18. N1h2 Rd7 19. Qc2 Rad8 20. b3 (20. Rad1 $142 Bf6 21. b3 Bd4 22. Rd2) 20...
Bg6 $15 {[%cal Gg6e4] preventing rooks exchange after Rad1} 21. Rab1 Bf6 22.
Ng4 Bd4 23. Ngh2 Re7 24. Rbd1 Bh5 25. Rd2 h6 {[%cal Gg7g5,Yh5g6] Taking space
advantage on kingside} 26. Red1 Rde8 27. Re1 Qa5 $1 {[%cal Ga5e1,Gh5d1]} 28.
Nxd4 cxd4 29. f3 c5 {Strong passed pawn d4 gives to black an easy game .} 30.
Ng4 $6 {The best plase for the knigt in this position is d3,but how to
transform him there?} Bxg4 31. hxg4 Re5 32. Kf2 h5 33. gxh5 Rxh5 34. Rdd1 Rd8
35. Qd2 Qc7 36. Rh1 Rxh1 37. Rxh1 Qe5 $17 {[%csl Rf2][%cal Gd8d6,Gd6a6,Rd4d3,
Ya7a5,Ya5a4]} 38. Qd3 Rd6 39. Rh3 Ra6 40. Qd2 Qg5 41. Kf1 {[%tqu "En","","","",
"d4d3","",10]} d3 $1 42. g4 ({Doesn't help} 42. g3 Qe5 43. Kg2 Qa1 44. a4 Qb1
45. Qxf4 Qc2+ 46. Kg1 Qxb3 $17 {/-+}) 42... Qe5 $19 {Whites position becomes
unprotectible because of unsafed position of the king.} 43. a4 Rb6 44. Qxd3 Rd6
$40 45. Qc2 Qa1+ 46. Kf2 Rd1 47. Rh2 Rb1 (47... Rf1+ 48. Kg2 Rg1+ 49. Kh3 Rg3+
50. Kh4 Qf6+ $19) 48. Ke2 Rb2 49. Kd3 Rxc2 50. Rxc2 Qd1+ 0-1

[Event "RUS-chT 06th"]
[Site "St Petersburg"]
[Date "1999.05.16"]
[Round "1"]
[White "Zvjaginsev, Vadim"]
[Black "Chernyshov, Konstantin"]
[Result "1/2-1/2"]
[WhiteElo "2658"]
[BlackElo "2488"]
[Annotator "Smirin,I"]
[PlyCount "52"]
[EventDate "1999.05.16"]
[EventType "team-tourn"]
[EventRounds "9"]
[EventCountry "RUS"]
[SourceTitle "EXT 2020"]
[Source "ChessBase"]
[SourceDate "2019.10.17"]
[SourceVersion "1"]
[SourceVersionDate "2019.10.17"]
[SourceQuality "1"]
[WhiteTeam "Tomsk Siberia"]
[BlackTeam "Voronezh OShK"]
[WhiteTeamCountry "RUS"]
[BlackTeamCountry "RUS"]

1. e4 c5 2. Nf3 Nc6 3. Bb5 e6 4. O-O Nge7 5. c3 a6 6. Be2 (6. Ba4 d5 7. exd5
Qxd5 8. d4 cxd4 9. cxd4 b5 10. Nc3 Qd7 11. Bb3 Bb7 12. Re1 (12. d5 $5 exd5 13.
Nxd5 Nxd5 14. Qxd5 $14) 12... Na5 13. Ne5 Qc7 14. Bf4 Nxb3 15. Qxb3 $16 {
[%cal Ge5g6] Glek,I-Mikhaletz,L/FSGM Feb, Budapest HUN 1998 1-0 (20)} Qb6 16.
Nc4 $18 {[%cal Gc4d6]}) 6... d5 7. exd5 Nxd5 (7... exd5 8. d4 cxd4 9. Nxd4 Nxd4
10. cxd4 g6 11. Nc3 Bg7 12. Bg5 O-O 13. Re1 h6 14. Bh4 $6 g5 15. Bg3 Nc6 16.
Bf3 Be6 $15 {[%csl Rd4] Timman,J-Yermolinsky,A/ol 1998 0-1 (34)}) 8. d4 Nf6 (
8... Be7 9. c4 Nf6 10. dxc5 Qxd1 (10... Bxc5 11. Qxd8+ Kxd8 12. Nc3 Ke7 13. Rd1
Rd8 14. Rxd8 Nxd8 15. a3 Bd7 16. b4 Bd6 17. Be3 h6 18. Rd1 {+/- Kasparov,
G-Kramnik,V/Paris rapid 1995}) 11. Rxd1 Bxc5 12. Nc3 Bd7 13. Bf4 h6 14. a3 Ba7
15. b4 Bb8 16. Be3 Ne7 17. Ra2 $5 $14 {[%cal Ga2d2] Aronian,L-Bunzmann,D/Cala
Galdana b-14 1996 1/2 (17)}) (8... cxd4 9. Nxd4 Bd7 10. Bf3 Nf6 (10... Nxd4 11.
Qxd4 Bc6 12. Nd2 Qc7 13. Nc4 b5 14. Ne3 Nf6 15. Bxc6+ Qxc6 16. a4 Rd8 17. axb5
axb5 18. Qa7 Bc5 $15 {Timman,J-Piket,J/ch-NED, Rotterdam NED 1998 (40)}) 11.
Nxc6 Bxc6 12. Bxc6+ bxc6 13. Nd2 Be7 14. Nc4 O-O 15. Bf4 Nd5 16. Bg3 f6 17. Qa4
Qd7 18. Na5 Rfc8 19. Rad1 Qe8 20. c4 $14 {Tkachiev,V-Franco,Z/ch-ESP Team,
Ampuriabrava ESP 1997 1-0 (38)}) 9. Be3 cxd4 10. Nxd4 Bd7 11. c4 Qc7 12. Nc3
Bd6 13. g3 Nxd4 14. Bxd4 Be7 $11 15. Rc1 O-O 16. Bf3 Rac8 (16... Bc6 $6 17. Nd5
Nxd5 18. cxd5 exd5 19. Bxd5 $14 {[%cal Gd1g4]}) 17. Re1 Bc6 18. Nd5 {Now it
doesn't works} exd5 19. cxd5 Bb4 $1 {it is better than} (19... Nxd5 20. Bxd5
Qd7 21. Bxc6 Rxc6 22. Rxc6 bxc6 23. Qa4 $14) 20. Re3 Nxd5 21. Bxd5 Qd7 22. Bxc6
Rxc6 23. Bc3 $8 {Now white has to play very carefully for reaching a balance.}
(23. Rxc6 bxc6 $1 $17 {[%cal Gf8d8,Yc6c5,Rd7d1]}) 23... Qxd1+ 24. Rxd1 Bxc3 25.
Rxc3 {Correct decision.In the endgame with 4 rooks black has more chanses to
use whites weaknesses on the queenside.} (25. bxc3 $6 Rfc8 26. Rdd3 g6 $15)
25... Rxc3 26. bxc3 Rc8 1/2-1/2

[Event "RUS-ch51"]
[Site "St Petersburg"]
[Date "1998.07.28"]
[Round "1"]
[White "Shchekachev, Andrei"]
[Black "Kuzuev, Danil"]
[Result "1/2-1/2"]
[WhiteElo "2560"]
[BlackElo "2350"]
[Annotator "Smirin,I"]
[PlyCount "59"]
[EventDate "1998.07.28"]
[EventType "swiss"]
[EventRounds "11"]
[EventCountry "RUS"]
[SourceTitle "CBM 067"]
[Source "ChessBase"]
[SourceDate "1998.11.30"]
[SourceVersion "2"]
[SourceVersionDate "1998.11.01"]
[SourceQuality "1"]

1. e4 c5 2. Nf3 e6 3. d3 Nc6 4. g3 g6 5. Bg5 $5 Qc7 6. Bg2 Bg7 7. c3 Nge7 (7...
e5 8. a3 (8. O-O d6 9. Na3 h6 10. Nb5 Qd7 11. Be3 Nge7 (11... a6 12. Na3 {
[%csl Rb6][%cal Ga3c4,Ya2a4,Ya4a5]} b5 13. d4 $16) 12. d4 Nxd4 $5 13. Nbxd4
cxd4 14. cxd4 O-O 15. Qd2 $14 {[%csl Rd7,Rh6][%cal Gf1d1] Morozevich,A-Gulko,B/
Moscow PCA-GP rapid 1995/1-0 (43)}) 8... d6 9. b4 b6 10. O-O h6 11. Be3 Nf6 12.
h3 O-O 13. Nbd2 Be6 14. b5 Ne7 15. c4 Nd7 $13 {[%cal Gf7f5] 1/2-1/2 Psakhis,
L-Guerra Bastida,D/La Coruna op 1996 (19)}) (7... h6 8. Be3 d6 9. d4 $14) 8.
O-O d6 (8... d5 9. Re1 (9. Na3 O-O 10. Re1 h6 11. exd5 Nxd5 (11... exd5 12. Be3
$14 {[%cal Gd3d4]}) 12. Bd2 b6 13. Qc1 Kh7 14. Re4 $5 {[%csl Rh6][%cal Ge4h4]}
f6 (14... Nde7 $13 {[%cal Ge7f5,Gc8b7]}) 15. d4 cxd4 16. Nb5 Qd7 17. Nbxd4 Nxd4
18. Rxd4 $14 {[%cal Gc3c4] 1-0 Glek,I-Short,N/EU-ch Rapid-30' 1996 (53)}) 9...
h6 10. Be3 (10. Bf4 Qb6 11. Qc1 Bd7 $13) 10... d4 11. cxd4 cxd4 12. Bd2 e5 13.
b4 Be6 14. Na3 $13 {1-0 Glek,I-Psakhis,L/Haifa 1996 (39)}) 9. d4 cxd4 10. cxd4
h6 11. Bf4 {it is better than} (11. Be3 $5 d5 12. e5 Nf5 $132) 11... e5 12.
dxe5 dxe5 13. Be3 O-O 14. Qc1 ({Nothing promises} 14. Nc3 Be6 15. Qc1 (15. Nd5
$6 Nxd5 16. exd5 Rad8 17. Qc1 Bxd5 18. Bxh6 f6 $15) 15... Kh7 $11) 14... Kh7
15. b4 a6 16. Na3 Be6 $11 (16... b5 $5 {[%csl Ra3]} 17. Bc5 Bb7 18. Qe3 f5 $15)
17. b5 axb5 18. Nxb5 Qb8 19. Qb2 $6 {missing strong blacks reply.Deserved
attention} (19. a4 $5 Rc8 20. Qb2 Na5 {[%cal Ga5c4]} 21. Nd2 {keeping a
balance.}) 19... Ra4 $1 $36 {[%csl Re4][%cal Rb4b2,Ga4b4,Rb4b5]} 20. a3 Rxe4 $1
21. Ng5+ hxg5 22. Bxe4 f5 23. Bh1 e4 24. Qc1 ({After} 24. Nc3 Nd5 25. Bd2 Na5
$15 {[%cal Ga5c4] black has more than enough compensation for sacrifised
exchange.}) 24... Bxa1 25. Qxa1 Bc4 $17 26. Rb1 Bd3 27. Rb3 Bc4 $6 ({After} 
27... f4 $1 28. Bc5 Rf5 $17 {black stands clearly better.}) 28. Rb1 Bd3 29. Rb3
Bc4 30. Rb1 1/2-1/2

[Event "Hastings 9899"]
[Site "Hastings"]
[Date "1999.01.02"]
[Round "4"]
[White "Plaskett, H James"]
[Black "Saltaev, Mihail"]
[Result "1/2-1/2"]
[WhiteElo "2455"]
[BlackElo "2525"]
[Annotator "Smirin,I"]
[PlyCount "55"]
[EventDate "1998.12.29"]
[EventType "tourn"]
[EventRounds "9"]
[EventCountry "ENG"]
[EventCategory "13"]
[SourceTitle "CBM 069"]
[Source "ChessBase"]
[SourceDate "1999.04.01"]
[SourceVersion "1"]
[SourceVersionDate "1999.04.01"]
[SourceQuality "1"]

1. e4 c5 2. Nf3 e6 3. Nc3 Nc6 4. Bb5 Nge7 5. O-O Ng6 6. Re1 (6. d4 cxd4 7. Nxd4
Be7 8. Be3 Qc7 9. Kh1 a6 10. Bd3 b5 11. Nxc6 Qxc6 12. f4 Bb7 13. f5 Ne5 14. Qh5
Bf6 15. Bg5 g6 16. Qh4 Bxg5 17. Qxg5 gxf5 18. exf5 h6 19. Qg3 O-O-O $13 {
Yudasin,L-Milov,V/Haifa 1995/1-0 (79)}) 6... Be7 7. d4 cxd4 8. Nxd4 Qc7 $6 {
Giving white interesting tactical possibility to get an advantage.After correct
} (8... O-O 9. Be3 Qc7 {the black could avoid the position,happended in the
game.}) {[%tqu "En","","","","d4f5","",10,"b5f1","",0]} 9. Nf5 $1 (9. Bf1 a6 $6
(9... O-O $5) 10. Nf5 Bf6 (10... exf5 11. exf5 Nge5 12. f4 $16 {[%csl Gd5]})
11. Nd6+ Ke7 12. Nf5+ Kf8 13. Ne3 h6 14. a4 Kg8 15. Nc4 $14 Na5 16. Nxa5 Qxa5
17. Bd2 Bg5 18. Nb1 Qc7 19. Ra3 $5 $32 {Gurgenidze,B-Shabanov,Y/Tbilisi 1987/1/
2-1/2 (94)}) 9... O-O (9... exf5 10. exf5 Nge5 11. f4 $14 {[%cal Gc3d5]}) 10.
Nxe7+ $14 Ncxe7 11. Be3 f5 12. f3 (12. Bd3 $5 f4 (12... a6 13. exf5 Nxf5 14.
Bxf5 Rxf5 15. Qd4 $32 {[%cal Ga1d1]}) 13. Nb5 Qc6 (13... Qe5 14. Bd4 $16) 14.
Bxa7 $16) 12... a6 13. Bf1 fxe4 14. fxe4 $6 {After this move blacks knigts
gets exelent outpost on e5} ({Better was} 14. Nxe4 d5 (14... Nf5 15. Bc5 $16 {
[%cal Ge4d6]}) 15. Nc3 Nf5 16. Bf2 Bd7 17. Qd2 Rac8 18. Rad1 $14) 14... b5 15.
Qd4 Bb7 16. Rad1 Ne5 $132 {[%csl Ge5]} 17. Qd6 Qxd6 18. Rxd6 Rac8 {[%csl Rc2]
[%cal Rb5b4]} 19. Rb6 Rb8 {[%csl Rb6][%cal Re7c8]} 20. Rd6 $8 (20. Bc5 $6 Nc8
21. Bxf8 Kxf8 22. Rxb7 Rxb7 $15 {with better chanses in arising endgame}) 20...
Rbc8 21. a3 Bc6 22. Be2 N7g6 23. Rf1 Rxf1+ 24. Bxf1 Nf7 25. Rd2 d6 26. Be2 Nge5
27. Bf4 Kf8 {[%cal Gf8e7]} 28. Bxe5 $11 1/2-1/2

[Event "Olympiad-33"]
[Site "Elista"]
[Date "1998.10.03"]
[Round "5.1"]
[White "Timman, Jan H"]
[Black "Yermolinsky, Alex"]
[Result "0-1"]
[WhiteElo "2655"]
[BlackElo "2625"]
[Annotator "Smirin,I"]
[PlyCount "68"]
[EventDate "1998.09.29"]
[EventType "team-swiss"]
[EventRounds "13"]
[EventCountry "RUS"]
[SourceTitle "CBM 068"]
[Source "ChessBase"]
[SourceDate "1999.02.01"]
[SourceVersion "1"]
[SourceVersionDate "1999.02.01"]
[SourceQuality "1"]
[WhiteTeam "Netherlands"]
[BlackTeam "US of America"]
[WhiteTeamCountry "NED"]
[BlackTeamCountry "USA"]

1. e4 c5 2. Nf3 Nc6 3. Bb5 e6 4. O-O Nge7 5. c3 a6 6. Be2 d5 7. exd5 exd5 (7...
Nxd5 8. d4 cxd4 (8... Be7 9. c4 Nf6 10. dxc5 Bxc5 11. Qxd8+ Kxd8 12. Nc3 Ke7
13. Rd1 Rd8 14. Rxd8 Nxd8 15. a3 Bd7 16. b4 Bd6 17. Be3 h6 18. Rd1 $14 {
Kasparov,G-Kramnik,V/Paris PCA-Intel GP 1995/0-1 (63)}) 9. Nxd4 Bd7 (9... Nxd4
10. Qxd4 Bd7 11. Bf3 Bc6 12. Nd2 Qc7 13. Nc4 Rd8 $5 14. Rd1 f6 15. Qg4 Kf7 16.
Re1 Re8 17. a4 g6 18. Bd2 h5 19. Qg3 Qxg3 20. hxg3 Rd8 21. Na5 Nb4 $8 22. Nxc6
Nxc6 23. Be3 Be7 24. Red1 Rxd1+ 25. Rxd1 Rd8 26. Rxd8 Bxd8 27. b4 Ke8 28. Be4
f5 $11 {[%cal Ge6e5,Ge5e4] 1/2-1/2 Kramnik,V-Miladinovic,I/Belgrade Invest
1995 (33)}) 10. Bf3 Nf6 11. Nxc6 Bxc6 12. Bxc6+ bxc6 13. Nd2 Be7 14. Nc4 O-O
15. Bf4 Nd5 16. Bg3 f6 17. Qa4 Qd7 18. Na5 Rfc8 19. Rad1 Qe8 20. c4 $14 {
Tkachiev,V-Franco,Z/ESP-chT 1997 1:0 (38)}) 8. d4 cxd4 (8... Nf5 9. Re1 Be7 10.
dxc5 O-O 11. Nbd2 Bxc5 12. Nb3 Ba7 13. Bd3 Be6 14. Bg5 Qd7 15. Qd2 Rfe8 16.
Rad1 h6 17. Bf4 Rad8 18. Bb1 $14 {1/2-1/2 Skripchenko,A-Kundin,A/Czerniak mem,
Tel Aviv ISR 1998}) 9. Nxd4 Nxd4 10. cxd4 $6 (10. Qxd4 $5 Nc6 $8 (10... Nf5 $6
11. Qa4+ Bd7 12. Re1 $5 Be7 (12... Bxa4 13. Bb5#) 13. Qb3 Bc6 14. Bd3 Nd6 15.
Bg5 f6 16. Bf4 $16 {[%cal Gb1d2]}) 11. Qd1 Bc5 12. Nd2 O-O 13. Nb3 Bb6 14. Bf3
Be6 15. Re1 Qd6 16. Be3 $14) 10... g6 $11 11. Nc3 Bg7 12. Bg5 O-O 13. Re1 h6
14. Bh4 $2 ({After correct} 14. Bxe7 Qxe7 15. Nxd5 Qh4 (15... Qd8 16. Bf3 Be6
17. Nf4 $16) 16. Nb6 Rb8 17. Nxc8 Rfxc8 18. Bg4 Rd8 19. Re4 Qf6 $11 {tthe
position is equal}) 14... g5 $1 $15 {[%csl Rh4]} 15. Bg3 Nc6 16. Bf3 Be6 17.
Be5 $8 (17. Ne2 $2 g4 $19) 17... Nxe5 18. dxe5 d4 19. Na4 Qa5 $1 {[%csl Ra4,
Re5] After this move is very interesting to look,how white finds himselfs in
the troubles without making any visible mistakes.} 20. Bxb7 Rad8 21. Rc1 d3 22.
Re4 $8 Bd7 23. Bc6 (23. Nc5 Bf5 24. Ra4 Qb6 25. b3 d2 26. Rcc4 Rfe8 $1 $17)
23... Bxc6 24. Rxc6 Qd5 25. Rcc4 Bxe5 $17 26. Nc3 Qd6 27. h4 d2 28. hxg5 hxg5
29. Re3 Bf4 30. Ne4 $2 {Losing by forse} (30. Re2 f5 $1 $17 {[%csl Re4][%cal
Gf8e8,Rf5e4]}) 30... Qe6 $19 31. Rec3 f5 32. g3 fxe4 33. gxf4 Rxf4 34. Rg3 Qxc4
0-1

[Event "RUS-chT 06th"]
[Site "St Petersburg"]
[Date "1999.05.21"]
[Round "6"]
[White "Nizamov, Ildar"]
[Black "Sitnikov, Dmitrij"]
[Result "1-0"]
[WhiteElo "2450"]
[BlackElo "2349"]
[Annotator "Smirin,I"]
[PlyCount "97"]
[EventDate "1999.05.16"]
[EventType "team-tourn"]
[EventRounds "9"]
[EventCountry "RUS"]
[SourceTitle "EXT 2020"]
[Source "ChessBase"]
[SourceDate "2019.10.17"]
[SourceVersion "1"]
[SourceVersionDate "2019.10.17"]
[SourceQuality "1"]
[WhiteTeam "Kazan Sberbank-Tatarstan"]
[BlackTeam "Novokuznetsk"]
[WhiteTeamCountry "RUS"]
[BlackTeamCountry "RUS"]

1. e4 c5 2. Nc3 Nc6 3. Nf3 Nf6 4. Bb5 e5 5. Bxc6 dxc6 (5... bxc6 $6 6. Nxe5 Qe7
7. Nf3 (7. f4 $6 d6 8. Nxc6 Qc7 9. e5 Bg4 10. Ne2 Ng8 $17 {[%csl Rc6]}) 7...
Nxe4 8. O-O Nxc3 9. dxc3 d5 10. Re1 Be6 11. Ng5 Qf6 12. Qe2 (12. Nxe6 fxe6 13.
Qg4 Kd7 14. c4 $36) 12... Bd6 13. Nxe6 fxe6 14. Bg5 $1 Qg6 (14... Qxg5 15.
Qxe6+ Be7 16. Re5 Qf6 17. Rae1 $16) 15. Qxe6+ Qxe6 16. Rxe6+ Kd7 17. Rae1 $14 {
Conquest,S-Gormally,D/Iona Tech Masters 1998/1-0 (54)}) 6. h3 ({Another
possibility in this position is} 6. Nxe5 Nxe4 7. Nxe4 Qd4 8. Qe2 (8. O-O $5)
8... Qxe5 9. d4 (9. f4 Qxf4 (9... Qe7 10. f5 Qe5 11. Rf1 Be7 12. d4 cxd4 13.
Bf4 Qa5+ 14. Bd2 Qa6 15. Nd6+ Kf8 16. Nc4 c5 17. O-O-O $44 {Tseitlin,
M-Nikcevic,N/Paris ,EXT 1995 1-0 (23)}) 10. Nf6+ Kd8 11. Qe8+ Kc7 12. Qxf7+ Kd8
13. Qe8+ Kc7 $11 {1/2-1/2 Klenburg,M-Grinshpun,E/Petach-Tikva ISR 1996}) 9...
cxd4 10. f4 Qe7 11. f5 Qe5 12. O-O Bc5 13. Kh1 O-O 14. Bf4 Qd5 15. c4 d3 $1 16.
Qe1 Qd4 17. Nxc5 Qxc5 18. Qg3 Qxf5 19. Bd6 $14 {Marin Ionescu,L-Baumstark,G/
Herculane-W ,EXT 1994 1-0 (37)}) (6. d3 Bg4 7. h3 Bxf3 8. Qxf3 Nd7 9. Qg3 g6
10. O-O Bd6 11. f4 f6 12. Kh1 Qe7 13. Be3 Rd8 14. Rae1 $14 {/= Malakhov,
V-Avrukh,B/Cala Galdana 1996/1/2-1/2 (52)}) 6... Nd7 7. d3 Be7 8. O-O O-O 9.
Be3 a5 10. a4 Re8 11. Ne2 (11. Nd2 $5 {[%cal Gd2c4,Yf2f4]} Nf8 {[%cal Gf8e6,
Ge6d4]} 12. Nc4 f6 (12... Ng6 13. Qh5 $14) 13. f4 exf4 14. Bxf4 Ne6 15. Bg3 Nd4
16. Qd2 Be6 17. b3 $14 {[%csl Rb6][%cal Ga1e1]}) 11... f6 12. Nd2 Nf8 13. f4
exf4 14. Nxf4 Ne6 15. Nh5 (15. Qh5 Nd4 $13) 15... Bf8 16. Kh1 Nd4 17. Bg1 b6
18. Nc4 Ra7 $5 $11 19. c3 Ne6 20. Qf3 Ng5 21. Qg3 Be6 {[%cal Re6c4]} 22. e5 $5
Bxc4 ({better was} 22... fxe5 23. Nxe5 Bd6 24. Rae1 (24. Nxc6 Bxg3 25. Nxd8
Rxd8 26. Nxg3 Rxd3 27. Rad1 $8 Rad7 $15) 24... Bd5 $13 {with promising
position for black} (24... Bf7 $5)) 23. exf6 Qxd3 (23... Bxd3 $2 24. Rad1 Rd7
25. Qxg5 Bxf1 {[%tqu "En","","","","f6f7","",10]} 26. f7+ $1 Kxf7 27. Qf5+ Kg8
28. Rxd7 $18 {[%cal Gh5f6,Gf5f7]}) 24. Qxg5 Qg6 $8 25. Qxg6 hxg6 26. fxg7 Bxg7
({Better was} 26... gxh5 {opening "g" file for attack weak g2 pawn after Bd5}
27. gxf8=Q+ Rxf8 28. Rxf8+ Kxf8 $11 {[%csl Rg2][%cal Gc4d5,Ga7g7,Rd5g2,Rg7g2]})
27. Nf6+ Bxf6 28. Rxf6 Kg7 29. Rf4 Bd5 $11 30. c4 Rf7 31. Rg4 Be4 32. Rd1 Bf5
33. Rg3 Re2 34. b3 Bc2 $15 {in position with opposite bishops only one
rool-attack first!} 35. Rd6 Rf1 {[%cal Re2e1]} 36. Kh2 Be4 37. Be3 Ree1 38.
Rd7+ Kf8 39. Rg4 Rxe3 40. Rh4 Ke8 $6 $138 (40... Rf7 $19) (40... Kg8 $2 41. Re7
Rfe1 42. Rhh7 g5 43. Reg7+ $11) 41. Rb7 Rf8 $2 {Second mistake in a row in
time trouble.After correct} (41... Re2 $8 42. Rh8+ Rf8 43. Rb8+ Ke7 $1 44.
Rhxf8 Rxg2+ 45. Kh1 Rf2+ $19 {black is still winning.}) 42. Rhh7 Rd3 43. Rhe7+
Kd8 44. Rxe4 $16 {[%cal Gb7b8]} Rf2 45. Rxb6 Rdd2 46. Rg4 Kc7 47. Ra6 $18 Kb7
48. Rxa5 Rf5 49. Rxg6 1-0

[Event "Olympiad-33"]
[Site "Elista"]
[Date "1998.10.02"]
[Round "4.2"]
[White "Rublevsky, Sergei"]
[Black "Shabalov, Alexander"]
[Result "1-0"]
[WhiteElo "2685"]
[BlackElo "2645"]
[Annotator "Smirin,I"]
[PlyCount "59"]
[EventDate "1998.09.29"]
[EventType "team-swiss"]
[EventRounds "13"]
[EventCountry "RUS"]
[SourceTitle "CBM 068"]
[Source "ChessBase"]
[SourceDate "1999.02.01"]
[SourceVersion "1"]
[SourceVersionDate "1999.02.01"]
[SourceQuality "1"]
[WhiteTeam "Russia"]
[BlackTeam "US of America"]
[WhiteTeamCountry "RUS"]
[BlackTeamCountry "USA"]

1. e4 c5 2. Nf3 Nc6 3. Bb5 e6 4. O-O Nge7 5. c3 d5 6. exd5 Qxd5 7. Re1 Bd7 8.
Na3 Ng6 9. Bc4 (9. Bf1 Be7 10. d4 cxd4 11. Nb5 Rc8 12. Nfxd4 Nxd4 13. Nxd4 a6 (
13... Qa5 $5 14. g3 O-O 15. Bg2 e5 16. Nc2 Bc6 17. Bxc6 bxc6 $1 $11 {Gelfand,
B-Sveshnikov,E/EUCup f 1995/0-1 (60)}) 14. g3 b5 15. Bg2 Qc5 16. h4 Bf6 17. Be3
$32 {Kasparov,G-Salov,V/Euwe mem 1991 (37) 1/2}) 9... Qh5 10. d4 cxd4 11. Nb5
Rc8 (11... O-O-O $5 12. cxd4 a6 13. Nc3 Bd6 14. Ne4 Bc7 15. Ng3 Qa5 16. a3 Be8
17. Bg5 $36 {Ulibin,M-Makarov,M/RUS-ch m1-2 1997 (18)1/2}) 12. Be2 Qd5 $6 (
12... dxc3 $5 13. bxc3 {[%csl Rd7][%cal Gf3g5,Rg5f7]} (13. Ng5 cxb2 $19) 13...
Qf5 $8 14. Bd3 (14. Ng5 {[%cal Ge2g4,Yg5e4,Ye4d6]} Nf4 $1 15. Nd6+ Bxd6 16.
Qxd6 Nxe2+ 17. Rxe2 Rd8 $17 {[%csl Rd1]}) (14. Nd6+ Bxd6 15. Qxd6 Nge7 16. Ba3
Qa5 17. Nd4 $5 $44 (17. Rad1 Qc7 $15)) (14. Be3 a6 15. Nd6+ Bxd6 16. Qxd6 Qd5
17. Qa3 Qa5 $15) 14... Qh5 15. Be2 $11) 13. Nfxd4 a6 $6 {After this move black
finds himself in the troubles} ({After correct} 13... Nxd4 14. Nxd4 Qa5 15. a4
Be7 16. Bf3 Qc7 17. Nb5 Qb8 18. Be3 a6 19. Nd4 O-O {white stands only slightly
better} (19... Bd6 $5 20. g3 O-O 21. Qb3 $14) 20. Nf5 $14 {Ulibin,M-Krasenkow,
M/Polish TV k.o. 1997 (44) 0:1}) 14. Bf3 Qc5 15. Be3 Nce5 $2 {But after
this-third in the row mistake blacks position becomes hopeless} (15... Nxd4 $8
16. Nxd4 Qc7 17. Nf5 $1 e5 (17... Ne5 18. Bf4 Nxf3+ 19. Qxf3 $16 {[%cal Gf3g3]}
) 18. Be4 $16 {[%cal Gd1f3]}) 16. Bxb7 axb5 17. Nxe6 $1 $18 fxe6 ({Doesn't help
} 17... Qc4 18. Nxf8 Kxf8 19. Bxc8 Qxc8 20. Qd6+ Kg8 21. Rad1 $18 {[%cal Gf2f4]
}) 18. Bxc5 Rxc5 {Black has almost enough equvivalent for the queen-3 minor
pieses,but discoordination between his pieses and unsafed king makes his
position completly lost.} 19. Be4 Be7 20. Qd4 Rf8 21. Rad1 {[%csl Rd7][%cal
Re4g6]} Bc8 22. b4 Rc4 23. Qb6 Kf7 24. Qxb5 Rxc3 25. Rc1 {Rest of the game is
easy job for white} Rxc1 26. Rxc1 Bd7 27. Bxg6+ Kf6 28. Qb7 hxg6 (28... Kxg6
29. Re1 $18) 29. f4 Nd3 30. Rc7 1-0